000 00389nam a22001457a 4500
999 _c7689
_d7687
005 20210319121806.0
008 210319b ||||| |||| 00| 0 eng d
082 _a346.066
100 _aAIYAR, A.N.
_96466
245 _aCOMPANY CASES THE CORPORATE LAW WEEKLY [173]
260 _aCHENNAI
_bCOMPANY LAW INSTITUTE OF INDIA
_c2012
300 _a480,i-xx;p
650 _aLAW
_95701
942 _cJRL